Essentials of Biotechnology (Record no. 6314)

MARC details
000 -LEADER
fixed length control field 00439nam a22001817a 4500
005 - DATE AND TIME OF LATEST TRANSACTION
control field 20210828153452.0
008 - FIXED-LENGTH DATA ELEMENTS--GENERAL INFORMATION
fixed length control field 200520b xxu||||| |||| 00| 0 eng d
020 ## - INTERNATIONAL STANDARD BOOK NUMBER
ISBN 9788174732965
041 ## - LANGUAGE CODE
Language code of text/sound track or separate title eng
082 ## - DEWEY DECIMAL CLASSIFICATION NUMBER
Classification number 660 VAN
100 ## - MAIN ENTRY--AUTHOR NAME
Personal name DATTA CHANDRANI SANYAL
245 ## - TITLE STATEMENT
Title Essentials of Biotechnology
250 ## - EDITION STATEMENT
Edition statement 1'st
260 ## - PUBLICATION, DISTRIBUTION, ETC. (IMPRINT)
Place of publication Delhi
Name of publisher AITBS PUBLISHERS
Year of publication 2010
300 ## - PHYSICAL DESCRIPTION
Number of Pages 226,vii
650 ## - SUBJECT ADDED ENTRY--TOPICAL TERM
Topical Term Pharmacy
942 ## - ADDED ENTRY ELEMENTS (KOHA)
Koha item type Books
Holdings
Lost status Damaged status Collection code Home library Current library Shelving location Date acquired Source of acquisition Cost, normal purchase price Full call number Accession Number Koha item type
    PHARMACY JRU Library JRU Library SHELF - 17 - H 01/06/2020 PURCHASE 150.00 660 VAN 24110 Books